00621nam a2200181Ia 4500020002200000040000800022082002600030100002500056245004700081250006200128260003100190300003100221500007200252500005500324650001200379700002800391700002000419 a0801663776 (pbk.) cAKR a590 MOS 1993 A109 Or.1 aHickman, Cleveland P10aLaboratory studies in integrated zoology / a8th ed. / new artwork for this edition by William C. Ober aSt. Louis :bMosby,cc1993 ax, 420 p. :bill. ;c28 cm aCover title: Laboratory studies in integrated principles of zoology aFolded chart inserted in pocket, inside back cover 0aZoology10aHickman, Frances Miller10aOber, William C